00362nam a2200133Ia 4500003000400000008004100004020002300045040000800068100001800076245005400094260005300148300001500201365001200216LDD181029s9999 xx 000 0 und d a826460720c155.00 cLDD aHighmore, Ben 0aMichel de Certeau analysing culturecBen Highmore aLondonbContinuum International Publishingc2006 axii, 188p. b155.00